000 00370nam a2200157Ia 4500
003 OSt
005 20240227125009.0
008 170524s9999 xx 000 0 und d
020 _a978-9389949186
040 _cIIMT UNIVERSITY MEERUT
100 _aBalagurusamy E
245 0 _aObject Oriented Programming with C++
260 _bTMH
260 _c2007
942 _2ddc
_c02
999 _c5310
_d5310